000 00466nam a22001097a 4500
008 110628t xxu||||| |||| 00| 0 eng d
010 _aHCCAF114
245 _aHigh Court Civil Appeal No. MKA 4 OF 1994 (Arising from C.S. No. 30/1993 of Nyarusiza) Samwiri Iyamuremye Vs Jovanis Nyirakamarande
260 _c1994
500 _aBEFORE: THE HON. JUSTICE A.N. KAROKORA
999 _c4192
_d4192